00858nam a22002417a 450000500170000001000130001702000070003003500130003703700160005004000120006608200180007810000370009624500700013326000440020327000420024730000200028950000200030965000280032965000230035794200270038099900190040795201900042620170124105928.0 aA-144067 c00 aA-144067 bCen Lib/Ret aDPLbEN a396.0954bCHA aChattopadhayay, Kamaladevi97553 aIndian women's battle for freedom /cby Kamaladevi Chattopadhayay aNew Delhi bAbhinav Publications c1983 bNew Delhi aE-37, Hauz Khass e110016 a134p.c19cm(Hb) aIncludes index  aPolitical rights 97554 aIndian women97555 2ddccENh396.0954mCHA c123654d123654 04104070aLbLd2015-06-11eCen Lib/Retg0.00l0o396.0954 CHApA-144067r2015-06-11 00:00:00t1v0.00w2015-06-11yENzWritten off on approval by DLB (By Circulation); dtd 15-06-2023